000 02843nam a22003137i 4500
001 TCPA 68
003 gtcocun
005 20250908221212.0
006 a||||gr|||| 00| 0
008 250908b2018 gt ||||| m||| 00| 0 eng d
040 _agtcocun
_bSPA
_cgtcocun
_eRDA
041 _aSPA
084 _0TCPA 68
100 _aBarrios Figueróa, Mario Fernando
_eAutor
245 _aInforme final del Ejercicio Profesional Supervisado, realizado en la Dirección Departamental de Educación, Cobán, Alta Verapaz/
_cMario Fernando Barrios Figueróa
_hImpreso
264 _aCobán, Alta Verapaz:
_bUniversidad de San Carlos de Guatemala, Centro Universitario del Norte, Licenciatura en Contaduría Pública y Auditoría.
_c2018
300 _a33 p.:
_bIlustraciones, gráficas.
_c28 cm; PDF
336 _2rdacontenido
_aTexto
_btxt
337 _2rdamedio
_aComputadora
_bn
338 _2rdasoporte
_aCódigo en línea
_bcr
502 _e.
502 _aTesis de grado
_bLicenciatura en Contaduría Pública y Auditoría.
_cUniversidad de San Carlos de Guatemala, Centro Universitario del Norte, Licenciatura en Contaduría Pública y Auditoría.
_d2018
_oTCPA 68
520 1 4 _aEl Centro Universitario del Norte (CUNOR) de la Universidad de San Carlos de Guatemala, a través del ejercicio profesional supervisado tiene como objetivo brindar a los estudiantes el conocimiento sobre la problemática socioeconómica que actualmente atraviesa el departamento de Alta Verapaz. Durante el desarrollo del ejercicio profesional supervisado el cual fue realizado en la Dirección Departamental de Educación de Alta Verapaz se respetaron todos los procesos pactados según el cronograma establecido y las diferentes etapas las cuales a su vez fueron la de diagnóstico, plan de trabajo, ejecución de actividades e informe final. El diagnóstico institucional permitió conocer las debilidades de la entidad en el ámbito de control interno y la presentación de documentación de cumplimiento según lo estipulado en los procesos estipulados en el funcionamiento. Al haber realizado una adecuada planificación de las actividades a desarrollar, se lograron identificar hallazgos encontrados en las auditorias de gestión en los programas de bolsas estudio, becas escolares y del programa de gratuidad de la educación, logrando como objetivo obtener toda la información posible con relación al control interno de la Dirección Departamental de Educación de Alta Verapaz.
650 1 4 _2LEMB
_aCobán, Alta Verapaz
_xbolsas de estudios
_xbecas escolares
_xgratuidad
_xeducación
700 _aLic. Miguel Alberto Klug Caal
_eAsesor
856 _uhttps://drive.google.com/file/d/1q7rvHHikih10At6rEFkr1nS-7AACIdgo/view?usp=sharing
_yPDF
_zUn ejemplar en línea.
942 _2ddc
_cTES
_iTCPA_68
_kClasificación
_n0
_6TCPA__68
999 _c1762
_d1762